000 nam a22 a 4500
999 _c194
_d194
003 AKMAL
005 20170425162713.0
008 170425s2006 my l 00 may d
020 _a9677008439 (jil. 2 : kkt.):
_cRM20.00
082 0 4 _a340.09595 MAL
090 0 0 _a340.09595
_bMAL
110 1 _aMalaysia
_9400
245 1 0 _aUndang-undang Umum :
_bPerlembagaan Persekutuan Bahagian III, IV, & VI, Akta Pencen 1980 Peraturan-peraturan Pencen 1980, Akta Kumpulan Wang Simpanan Pekerja 1991 Kaedah-kaedah KWSP 1991 Peraturan-peraturan KWSP 1991 : semua pindaan hingga Februari, 2006 /
_cdisusun semula oleh Penasihat Undang-Undang MDC
260 _aKuala Lumpur :
_bMDC Publishers Printers,
_c2006
300 0 0 _a377ms. ;
_c25cm
650 0 _aConstitutional law
_zMalaysia
_9437
650 0 _aPensions
_xLaw and legislation
_zMalaysia
_9438
650 0 _aEmployees' deposits
_xLaw and legislation
_zMalaysia
_9439
710 1 _aMalaysia.
_tPerlembagaan Persekutuan
_9440
710 1 _aMalaysia.
_tAkta Pencen, 1980
_9441
710 1 _aMalaysia.
_tAkta Kumpulan Wang Simpanan Pekerja, 1991
_9442
710 2 _aPenasihat Undang-Undang MDC
_9405
942 _2ddc
_cBOOK